Writing Systems in Unicode - Statistics

General Stats
  • This quiz has been taken 84 times
  • The average score is 35 of 94
Answer Stats
Sample Hint Answer % Correct
الكتابة العربية Egypt, Iran, ... Arabic
95%
Հայոց այբուբեն Armenia Armenian
90%
বাংলা-অসমীয়া India, Bangladesh Bengali
85%
Просто добавь воды Russian, Bulgarian, ... Cyrillic
83%
მხედრული Georgia Georgian (Mkhedruli)
83%
Ελληνικό αλφάβητο Greece Greek
83%
ႠႱႭႫႧႠႥႰႳႪႨ Georgia Georgian (Khutsuri)
81%
אָלֶף־בֵּית עִבְרִי Israel Hebrew
81%
မွန်မြန်မာအက္ခရာ Myanmar Myanmar (Mon, Burmese)
81%
又稱中文字、華文字 Mandarin, Cantonese, ... Han
80%
Cogito ergo sum This quiz uses it Latin
80%
⠂⠆⠒⠲⠢⠖⠶⠦⠔⠴ Tactile writing system Braille
78%
ដើម​កំណើត​នៃ​អក្សរ​ខ្មែរ Cambodia Khmer
78%
ອັກສອນລາວ Laos Lao
78%
தமிழ் அரிச்சுவடி India, Sri Lanka Tamil
78%
सभी मनुष्य जन्म से स्वतन्त्र Hindi, Marathi, ... Devanagari
76%
한글이란 이름은 주시경 Korean language Hangul
76%
ꦲꦏ꧀ꦱꦫꦗꦮ Java (Indonesia) Javanese
76%
วรรณยุกต์ วรรณยุต Thailand Thai
76%
ᏣᎳᎩ ᎦᏬᏂᎯᏍᏗ Native American Cherokee
73%
བོད་ཡིག་ནི་བོད་སྐད་དང་རྫོང་ཁ་སྐད Dzongkha language Tibetan
73%
ひらがな Japanese language Hiragana
71%
カタカナ Japanese language Katakana
71%
తెలుగు లిపి India Telugu
69%
አልማዝን አየኋት Amharic, Tigrinya, ... Ethiopic (Geʽez)
66%
മലയാള ലിപി Kerala (India) Malayalam
66%
ᠭᠠᠵᠠᠷ ᠠ Written top-down Mongolian
66%
සිංහල අක්ෂර මාලාව Sri Lanka Sinhala
66%
ᬅᬓ᭄ᬱᬭᬩᬮᬶ Bali (Indonesia) Balinese
64%
ܐܠܦ ܒܝܬ ܣܘܪܝܝܐ Syria Syriac
64%
ગુજરાતી લિપિ India Gujarati
63%
ಯೋಗವಾಹಕ India Kannada
63%
ଓଡ଼ିଆ ଅକ୍ଷର India Oriya (Odia)
59%
ᒥᐢᑕᓇᐢᑯᐍᐤ Inuktitut, Cree, ... Canadian Aboriginal
58%
ᮃᮊ᮪ᮞᮛ ᮞᮥᮔ᮪ᮓ ᮘᮊᮥ Java (Indonesia) Sundanese
51%
𞄀𞄩𞄰𞄁𞄓𞄱𞄂𞄤𞄳𞄬𞄃𞄤𞄳 China, Laos, Vietnam, ... Hmong (Nyiakeng Puachue)
44%
𖬖𖬰𖬝𖬵 𖬄𖬶𖬟 𖬌𖬣𖬵 China, Laos, Vietnam, ... Hmong (Pahawh)
44%
ތާނަ_އަލިފުބާގެ_ތަރުތީބު Maldives (Divehi language) Thaana
42%
ਗੁਰਮੁਖੀ Punjabi language Gurmukhi
41%
ꆈꌠꁱꂷ ꂕꂲ ꄢꄾ Yunnan (China) Yi
39%
ߞߏ ߡߍ߲ ߞߵߊ߬ ߞߍ߫ ߊ߲ ߛߋ߫ ߘߊ߫ Manding languages (West Africa) N’Ko
36%
ㄓㄨˋㄧㄣˊㄏㄠˋ ㄧㄚ˙ Taiwan Bopomofo
34%
ⵜⵉⴼⵉⵏⴰⵖ ⵛⵜⵟⵡⵢⵣⵥ Berber languages Tifinagh
32%
ᜊᜌ᜔ᜊᜌᜒᜈ᜔ Luzon (Philippines) Tagalog (Baybayin)
31%
ᨲ᩠ᩅᩫᨵᩢᨾ᩠ᨾ᩼ Thailand Lanna (Tai Tham)
29%
ᦟᦲᧅᦷᦎᦺᦑᦟᦹᧉ China, Myanmar, Laos, ... New Tai Lue
29%
ᥖᥭᥰ ᥘᥫᥴ Yunnan (China) Tai Le
29%
ꪎꪳ ꪼꪕ ꪈ ꪉꪞ ꪟ Vietnam, Thailand Tai Viet
29%
ꕙꔤꔂ ꔦꔆꕷ ꖜ ꗂ ꗩꗃ Liberia Vai
25%
ᯘᯮᯒᯖ᯲ ᯅᯖᯂ᯲ Sumatra (Indonesia) Batak
24%
𐑖𐑱𐑝𐑾𐑯 𐑨𐑤𐑓𐑩𐑚𐑧𐑑 Named after George Bernard Shaw Shavian
24%
𛆁𛈬 China, only used by women Nüshu
22%
𐴌𐴟𐴇𐴥𐴝𐴚𐴒𐴙𐴝 𐴇𐴝𐴕𐴞𐴉𐴞 𐴓𐴠𐴑𐴤𐴝 Myanmar Hanifi Rohingya
20%
ꯃꯩꯇꯩ ꯃꯌꯦꯛ India Meitei
20%
ᱚᱞ ᱪᱤᱠᱤ Santhali language (India) Ol Chiki
20%
𐒻𐓲𐓣𐓤𐓪 𐓰𐓘͘𐓤𐓘 𐓷𐓣͘ 𐓘𐓵𐓟 Native American (Oklahoma) Osage
19%
ᨒᨚᨈᨑᨒᨚᨈᨑ Sulawesi (Indonesia) Buginese
17%
𐐐𐐬𐑊𐐨𐑌𐐮𐑅 𐐻𐐭 𐑄 𐐢𐐫𐑉𐐼 Latter-day Saints Church Deseret
17%
𑊻𑋩𑋣𑋏𑋠𑋔𑋠𑋏𑋢 Pakistan Khudawadi (Sindhi)
17%
ࡊࡋ ࡁࡓ ࡀࡍࡀࡔࡀ ࡌࡉࡕࡋࡉࡓ Lithurgic script, Iraq / Iran Mandaic
17%
𞤀𞤣𞤤𞤢𞤥 𞤆𞤵𞤤𞤢𞤪 Fula language Adlam
15%
ꨀꨇꩉ ꨌꩌ Vietnam, Cambodia Cham
15%
ࠀࠁࠂࠃࠄࠅࠆࠇࠈࠉࠋ Lithurgic, Israel Samaritan
15%
ꓖꓳ ꓕꓯ ꓢꓲ-ꓢ-ꓡꓰ ꓡꓳ ꓒꓱ Northern Myanmar Lisu (Fraser script)
14%
𞓧𞓟𞓨𞓜𞓕𞓣𞓚 𞓗𞓕𞓨𞓚 India Nag Mundari (Mundari Bani)
14%
𑄌𑄋𑄴𑄟𑄳𑄦 𑄃𑄧𑄏𑄛𑄖𑄴 Bangladesh Chakma
12%
᱁᰿ ᰝᰦᰰᰕᰫᰛᰬ ᰃᰨ ᰣᰦᰛᰬ ᰕᰫᰵ Sikkim (India) Lepcha
12%
𖼊𖽠 𖼐𖼊𖽪𖾏 𖼮𖽑𖽦𖾐 𖼮𖽑𖽦𖾐 𖼊𖽔𖾏 𖼐𖼷𖽑𖽡𖽝𖾐 A-Hmao language (China) Miao (Pollard)
10%
ᜰᜲ ᜠᜩᜳ ᜪ ᜢ ᜩ ᜧ Mindoro (Philippines) Hanunoo
8%
𐒍𐒖𐒇𐒂𐒖 𐒋𐒘𐒈𐒑𐒛𐒒𐒕𐒖 Somali language Osmanya
7%
ꛦ-ꚳꛊꚤ ꚳꚣꚧ꛱ꛦꚧ꛱ ꚳ꛰ꚴꚢ Cameroon Bamum
5%
𑵶𑶍𑶕𑶀𑵵𑶊 𑵶𑶓𑶕𑶂𑶋 𑵵𑶋𑶅𑶋 India Gondi (Gunjala)
5%
𑴤𑴫𑴦𑴱𑴤 𑴎𑴽𑵀𑴘𑴳 India Gondi (Masaram)
5%
ᤕᤰᤌᤢᤱ ᤐᤠᤴ Nepal, India Limbu
5%
𞡥𞠖𞢻𞠢𞠮𞠣 𞢣𞠽 𞡅 𞡄 𞠺 Sierra Leone Mende Kikakui
5%
𖩏𖩖𖩔𖩆𖩊 𖩗𖩖𖩊 𖩍𖩖𖩌 Bangladesh, Myanmar Mro (Mru)
5%
ꤰꥈꤳꥎ ꤳꥈꥐ ꤾꥁꥉꥑ ꤸꥎꥑꤴꥉꤰ, ꤳ꥓ Sumatra (Indonesia) Rejang
5%
ᝃᝄᝅᝆᝇᝈ ᝉᝊᝋᝌᝍᝎ Mindoro (Philippines) Buhid
3%
𛰤‎𛰵𛱝𛰘𛰘𛱘𛱵𛲜 Stenographic alphabet Duployan
3%
𑐥𑑂𑐬𑐔𑐮𑐶𑐟 𑐣𑐾𑐥𑐵𑐮 Nepal Newa (Prachalit, Pracalit)
3%
𑆯𑆳𑆫𑆢𑆳 Kashmir (India) Sharada
3%
𝠀𝠁𝠂𝠃𝠄𝠅𝠆𝠇𝠈𝠉𝠊 Used to write sign languages SignWriting
3%
𑃐𑃦𑃝𑃗 𑃐𑃦𑃖𑃛𑃣𑃗 Eastern India Sora Sompeng (Sorang)
3%
ᝦᝪᝯᝠᝡᝢᝣᝤᝥᝦᝧ Palawan (Philippines) Tagbanwa
3%
𞋒𞋀𞋉𞋃𞋕 North-Eastern India Wancho
3%
ꤊꤢꤛꤢ꤭ ꤜꤟꤤ꤬ Myanmar Kayah Li
2%
𖹝𖹰𖹯𖹼𖹫 𖹚𖹬𖹾𖹠𖹯 Lithurgic, constructed, Nigeria Medefaidrin
2%
ꢱꣃꢬꢵꢰ꣄ꢜ꣄ꢬ Tamil Nadu (India) Saurashtra
2%
𑒞𑒱𑒩𑒯𑒳𑒞𑒰‎ Maithili language Tirhuta
2%
𞊒𞊪𞊒𞊪 𞊒𞊪𞊒𞊪 Bhutan, India Toto
2%
𑢹𑣗𑣁𑣜𑣊 𑢯𑣂𑣕𑣂 Ho language Warang Citi
2%
𑫀𑫁𑫂𑫃𑫅𑫆𑫇𑫈𑫉𑫊𑫋𑫏 Zomi language (Myanmar) Pau Cin Hau
0%
𑚔𑚭𑚫𑚊𑚤𑚯𑚇𑚈 𑚉𑚊𑚋𑚌 India Tākri (Tankri)
0%
𖪰𖩵𖪂𖪫𖩸 Myanmar, India Tangsa
0%
No matching quizzes found
Score Distribution
Percent of People with Each Score
Percentile by Number Answered
Your Score History
You have not taken this quiz